| 000 | 00865nas a2200229 454500 | ||
|---|---|---|---|
| 001 | 16304 | ||
| 005 | 20260407193505.0 | ||
| 008 | 260407s ####ag###########|||spa#d | ||
| 003 | AR-UNSa-BCEJYS | ||
| 040 |
_aAR-UNSa-BCEJYS _bspa _cAR-UNSa-BCEJYS |
||
| 080 |
_a658.01 _xMetodología. Teoría y práctica de la organización( teoria de la organización, análisis organizacional...) |
||
| 245 | 1 | 0 | _aEstrategias de liderazgo & motivación para mercados competitivos |
| 264 | 1 |
_aBuenos Aires : _bEscuela Argentina de Marketing |
|
| 041 | _aspa | ||
| 942 | _cSER | ||
| 590 | _aniveau_biblio:s niveau_hierar:1 | ||
| 100 | 1 | _aEscuela Argentina de Marketing | |
| 650 | _aMotivación | ||
| 650 | _aADMINISTRACION DE EMPRESAS | ||
| 650 | _aLiderazgo | ||
| 856 | 4 | 1 |
_uhttps://biblioeco.unsa.edu.ar/pmb/images/revistas/Liderazgo y Motivacion.jpg _yImagen de portada _qimage/jpeg |
| 999 |
_c8494 _d8494 |
||